000 00440nam a2200181Ia 4500
001 18231
005 20260306171615.0
008 260306s9999||||xx |||||||||||||| ||und||
041 _aESP
082 _a658.402
_bA36
100 _aAlbors Garrigos, José
_eAUT
245 0 _aComportamiento organizativo y gestión
260 _c2002
300 _a438 páginas :
_c24 cm.
650 _aGEN
654 _aCAN
942 _cLIB
_dJUS
_fJUS
_2ddc
_n
999 _c18231
_d18231